| 000 | 01246nam a2200289 i 4500 | ||
|---|---|---|---|
| 003 | OSt | ||
| 005 | 20260421104638.0 | ||
| 008 | 260421s2024 my a gr 000 0 may d | ||
| 020 |
_a9789672028550 _cRM 15.00 _qpaperback |
||
| 040 |
_aPPAK _beng _cPPAK _erda |
||
| 082 | 0 | 4 |
_223 _a297.81 |
| 090 | 0 | 0 |
_a297.81 _bZUL _dG |
| 100 | 0 |
_aZulkifli Mohamad al-Bakri, _cDatuk Seri, Dr., _d1969- _eauthor. |
|
| 245 | 1 | 0 |
_aAHLI AL-SUNNAH WA AL-JAMA'AH : _bSiapakah Mereka? / _cDr. Zulkifli Mohamad al-Bakri ; EDITOR SYARIAH Tengku Ibrahim Helmi bin Tengku Muhammad, Syahirul Idzhar bin Sham Suri, Muhammad Hariz Hazmi bin Abdul Hamid, Muhammad Dawud al-Hawariy bin Hamiz |
| 250 | _aEDISI KHAS Bahth ilmi | ||
| 264 | 1 |
_aNilai, Negeri Sembilan : _bPUSTAKA CAHAYA KASTURI SDN BHD., _c2024 |
|
| 300 |
_a122 pages : _bcolour illustrations ; _c21 cm |
||
| 336 |
_atext _2rdacontent |
||
| 337 |
_aunmediated _2rdamedia |
||
| 338 |
_avolume _2rdacarrier |
||
| 500 | _aContains verses from the Qur'an and quotes from the Hadith. | ||
| 650 | 1 | 0 |
_aSunnites _xDoctrines _xHistory |
| 650 | 2 | 0 |
_aIslam _xDoctrines |
| 700 | 0 |
_aYuzairy Mohd. Ayub, _eillustrator. |
|
| 700 | 0 |
_aNur Fatimah Atirah Ghazali, _eillustrator. |
|
| 942 |
_2ddc _cB |
||
| 999 |
_c203948 _d203948 |
||